000
00350 a2200169 4500
001
170124
020
_a
85-08-06377-6
040
_c
Magnum
100
_a
Stevenson, Robert Louis
240
1
0
_a
Raptado
_l
por
245
1
0
_a
Raptado
300
_a
244
362
0
_a
1997
440
1
_a
Ática
697
_a
LITERATURA GERAL ESTRANGEIRA
942
_c
BK
999
_c
170124
_d
170124